000 00481nam a2200181Ia 4500
001 8654
003 GE_BSU
008 181216s||||||||xx |||||||||||||| ||und||
040 _cGE_BSU
245 _aВопросы психологии №5. 2013
245 _bнаучный журнал
245 _cРед:коллегия:Щедрина Е;В
260 _aМосква
260 _c2013
300 _a176стр;23см
653 _aპერიოდიკა
942 _cCR
999 _c41970
_d41970